Statistiques concernant Méchants de films

Cliquez ici pour prendre le quiz!

Statistiques générales

  • Ce quiz a été pris 1 149 fois
  • Le résultat moyen est 33 sur 100

Statistiques - réponses

PersonnageFilm% Correct
Dark VadorStar Wars
94%
Lors VoldemortHarry Potter
85%
Le Bouffon VertSpiderman
85%
JafarAladdin
83%
GodzillaGodzilla
83%
Scarle roi lion
81%
Un requin blancLes dents de la mer
80%
Cruella D'enferles 101 dalmatiens
79%
Capitaine crochetPeter pan
79%
MagnetoX-men
74%
Hannibal LecterLe silence des agneaux
73%
Un alien xénomorpheAlien
72%
UrsulaLa petite sirène
71%
SauronLe seigneur des anneaux
70%
Harley QuinnSuicide Squad
70%
Le comte DraculaDracula
68%
Un gros Ice BergTitanic
67%
GripsouCa
65%
JigsawSaw
65%
LokiThe avengers
65%
président SnowHunger Games
63%
MaléfiqueLa Belle au bois Dormant
61%
Michael Corléonele Parrain
55%
Des PrédatorsPredator
55%
Freddy KruegerLes griffes de la nuit
51%
Michael MeyersHalloween
50%
Tony MontanaScarface
49%
Jason VoorheesVendredi 13
48%
LotsoToy story
47%
L'agent SmithMatrix
46%
BillKill Bill
45%
Lord FarquaadShrek
45%
Un T 800Terminator
45%
CommodeGladiator
41%
Capitaine BarbossaPirate des Caraïbes
41%
EstherEsther
40%
Biff TannenRetour vers le futur
39%
Le JockerThe Dark knight
39%
Xerxes300
37%
AmonbofisAstérix et Obélix : Mission Cléopatre
37%
HansLa reine des neiges
37%
Norman BatesPsychose
36%
La sorciere de l'ouestle magicien d'Oz
33%
La sorcière blancheLe monde de Narnia
33%
Jack TorranceShinning
33%
ChristineChristine
32%
Patrick BatemanAmérican psycho
31%
KarabaKirikou et la sorcière
28%
Auric GoldfingerGoldfinger
26%
Madame MimMerlin l'Enchanteur
26%
Le pingouinBatman le défi
23%
ShredderLes tortues ninjas
23%
IzmaKuzco, l'empereur mégalo
22%
Edgar (le cafard)Men in black
21%
Hans LandaInglorious basterds
20%
PazuzuL'exorciste
19%
John DoeSeven
19%
Hans GruberPiège de Cristal
18%
Le chiffreCasino Royale
17%
La marquise de MerteuilLes liaisons dangereuses
17%
YubabaLe voyage de Chihiro
17%
Hall 90002001 l'odyssée de l'espace
15%
Docteur d'enferAustin Power
14%
Zorgle cinquieme élèment
14%
Colonel KurtzApocalypse Now
13%
ChuckyJeux d'enfant
13%
Mister BlondeReservoir dogs
13%
MédusaBernard et Bianca
12%
Mister HydesDocteur Jekyll et mister Hyde
12%
Percy WetmoreLa ligne verte
12%
Amon GöthLa liste de Schindler
11%
Annie WilkesMisery
11%
GozerSOS Fantomes
11%
OzymandiasThe Watchmen
11%
Alex DeLargeOrange Mécanique
10%
Travis BickleTaxi driver
10%
Catherine TrammelBasic Instinct
9%
TetsuoAkira
8%
Professeur Van ZimmelOSS 117 rio ne répond plus
8%
Le juge DemontQui veut la peau de Roger Rabbit ?
8%
Raoul SilvaSkyfall
8%
Oogie BoogieL'étrange Noël de Mister Jack
7%
Lee Woo JimOld Boy
7%
AutoWall-e
7%
MessalaBen-hur
6%
Amy DunneGone girl
6%
Emile GravierLa cité de la peur
6%
Collignonle fabuleux destin d'Amélie Poulain
6%
Roy BattyBlade runner
5%
Le capitain VidalLe labyrinthe de Pan
5%
SadakoRing
5%
Le professeur KitanoBattle Royale
4%
Le TéniaIrréversible
3%
Revérand Harry PowellLa nuit du chasseur
3%
StanfieldLéon
3%
Peter et PaulFunny games
2%
Adenoïde HunkelLe dictateur
2%
O'Brien1984
1%
KévinSin city
1%
Alex ForrestLaison fatale
0%

Distribution des résultats

Percentile par nombre de réponses

% des personnes avec chaque résultat

Votre développement - résultats

Vous n’avez pas pris ce quiz